000 01840nam a2200253Ia 4500
008 260220t9999||||xx |||||||||||||| ||spa||
040 _aPY-SlUNAC
_bspa
_erda
041 _aspa
082 _a637.1
_bH668m
100 _aHodgson, H. E.
_eAutor
245 0 _aManual de lechería para la América tropical /
_cpor H. E. Hodgson [Autor] y O. E. Rud [Autor]
264 _aWashington D. C. :
_bTE,
_c[Fecha de publicación no identificada].
300 _a1 volumen
520 _aEl "Manual de lechería para la América tropical" de H. E. Hodgson es una obra fundamental que aborda de manera exhaustiva los principios y prácticas de la producción lechera en las condiciones específicas de la región tropical. A lo largo del texto, Hodgson examina cuestiones esenciales como la selección de razas de ganado, la alimentación adecuada, el manejo sanitario y las técnicas de ordeño, adaptadas a los climas cálidos y húmedos. Asimismo, se enfoca en la importancia de las instalaciones y la infraestructura necesarias para optimizar la producción láctea, así como en la capacitación del personal involucrado en estas actividades. A través de una combinación de investigación científica y experiencias prácticas, el autor proporciona recomendaciones que buscan mejorar la productividad y la calidad de los productos lácteos, contribuyendo al desarrollo sostenible de la industria lechera en América Latina. Este manual se convierte en una herramienta valiosa para productores, agrónomos y estudiantes interesados en la lechería tropical.
651 _aAmérica Latina
653 _aGanadería
653 _aLechería
700 _aRud, O. E.
_eAutor
942 _b2026/02/17
_cBK
999 _c8705
_d8705